The underground railroad / (Record no. 6408)

MARC details
000 -LEADER
fixed length control field 01392pam a2200289 a 4500
001 - CONTROL NUMBER
control field 6408
003 - CONTROL NUMBER IDENTIFIER
control field FISKH
005 - DATE AND TIME OF LATEST TRANSACTION
control field 20250429095806.0
008 - FIXED-LENGTH DATA ELEMENTS--GENERAL INFORMATION
fixed length control field 940603s1995 maua j b 000 0 eng
010 ## - LIBRARY OF CONGRESS CONTROL NUMBER
LC control number 94019614
020 ## - INTERNATIONAL STANDARD BOOK NUMBER
International Standard Book Number 0395699371
020 ## - INTERNATIONAL STANDARD BOOK NUMBER
International Standard Book Number 9780395979150
040 ## - CATALOGING SOURCE
Original cataloging agency DLC
Transcribing agency DLC
Modifying agency DLC
Language of cataloging eng
050 ## - LIBRARY OF CONGRESS CALL NUMBER
Classification number E450 .B53
082 ## - DEWEY DECIMAL CLASSIFICATION NUMBER
Classification number 973.7
100 1# - MAIN ENTRY--PERSONAL NAME
Personal name Bial, Raymond.
245 14 - TITLE STATEMENT
Title The underground railroad /
Statement of responsibility, etc. Raymond Bial.
260 ## - PUBLICATION, DISTRIBUTION, ETC.
Place of publication, distribution, etc. New York :
Name of publisher, distributor, etc. Houghton Mifflin,
Date of publication, distribution, etc. 1995.
300 ## - PHYSICAL DESCRIPTION
Extent 48 pages :
Other physical details color illustrations ;
Dimensions 26 cm
504 ## - BIBLIOGRAPHY, ETC. NOTE
Bibliography, etc. note Includes bibliographical references (p. 46-47).
520 ## - SUMMARY, ETC.
Summary, etc. By ones, twos, and threes, in the years before the Civil War thousands of enslaved people slipped through the night on their way to freedom, riding the Underground Railroad. Hidden and hunted, the escape of southern slaves to the North remains a compelling event in American history. Within the pages of this book are documented, in prose and elegantly articulate photographs, examples of "stations" on the Railroad, along with images of the routes, lives, and hardships of both the "passengers" and "conductors."
650 #0 - SUBJECT ADDED ENTRY--TOPICAL TERM
Topical term or geographic name entry element Underground Railroad
Form subdivision Juvenile literature.
650 #0 - SUBJECT ADDED ENTRY--TOPICAL TERM
Topical term or geographic name entry element Fugitive slaves
Geographic subdivision United States
General subdivision History
Chronological subdivision 19th century
Form subdivision Juvenile literature.
906 ## - LOCAL DATA ELEMENT F, LDF (RLIN)
a 7
b cbc
c orignew
d 1
e ocip
f 19
g y-gencatlg
942 ## - ADDED ENTRY ELEMENTS (KOHA)
Source of classification or shelving scheme Dewey Decimal Classification
Koha item type Books
Suppress in OPAC No
Holdings
Withdrawn status Lost status Source of classification or shelving scheme Damaged status Not for loan Collection Home library Current library Shelving location Date acquired Total Checkouts Full call number Barcode Date last seen Copy number Price effective from Koha item type
    Dewey Decimal Classification     Non-Fiction Footprints International School Library Network Toul Kork Campus Footprints International School Library Network Toul Kork Campus A TK Campus, 4th Floor, Room B401, Non-Fiction Bookcases(7-8) 04/29/2025   BIA 973.7 E450 .B53 FISTK01684 04/29/2025 1 04/29/2025 Books